[Event "Rusia tch 2011 femenino"]
[Site "Olginka RUS"]
[Date "2011.04.22"]
[Round "6.23"]
[White "Novikova, Anna"]
[Black "Muzychuk, Mariya"]
[Result "1/2-1/2"]
[WhiteElo "2240"]
[BlackElo "2476"]
[PlyCount "156"]
[EventDate "2011.04.12"]
[EventType "team"]
[EventRounds "11"]
[EventCountry "RUS"]
[Source "lmi"]
[SourceDate "2011.04.16"]
[WhiteTeamCountry "RUS"]
[BlackTeamCountry "RUS"]

1. e4 c5 2. c3 d5 3. exd5 Qxd5 4. d4 Nf6 5. Nf3 e6 6. Bd3 Be7 7. Be3 O-O 8. O-O
Rd8 9. Qe2 Nc6 10. Rd1 cxd4 11. cxd4 Nb4 12. Nc3 Qh5 13. Bc4 b6 14. a3 Nbd5 15.
Nxd5 Nxd5 16. Rac1 Bb7 17. Ba6 Nxe3 18. fxe3 Be4 19. Nd2 Qxe2 20. Bxe2 Bg6 21.
Bf3 Rac8 22. Bb7 Rxc1 23. Rxc1 Bd6 24. b4 Kf8 25. Nc4 Ke7 26. Nxd6 Kxd6 27. Bf3
f6 28. Kf2 Be8 29. e4 e5 30. dxe5+ Kxe5 31. Rc7 Rd7 32. Rc8 Bf7 33. Ke3 Re7 34.
Be2 Be6 35. Rc1 Rd7 36. Ba6 Rd4 37. Bd3 h5 38. Rc6 Rd7 39. a4 g5 40. a5 bxa5
41. Rc5+ Kd6 42. Rxa5 Ke7 43. h4 gxh4 44. Rxh5 Kd6 45. Rxh4 Rg7 46. Bf1 Rg3+
47. Kf4 Rb3 48. b5 Rb1 49. Bd3 Rb3 50. Ke3 Bd7 51. Rh5 f5 52. Kd4 fxe4 53. Kxe4
Rb4+ 54. Ke3 Rg4 55. Be4 Be8 56. Rd5+ Kc7 57. Kf3 Rg7 58. Re5 Bd7 59. g3 Kb6
60. Bd3 Rf7+ 61. Ke3 Rg7 62. Kf3 Rf7+ 63. Kg2 Rg7 64. Be2 Rg6 65. Kf2 Rg7 66.
Rd5 Kc7 67. Rh5 Rf7+ 68. Kg2 Re7 69. Bd3 Rg7 70. Rh6 Rg5 71. Ra6 Bxb5 72. Bxb5
Rxb5 73. Rxa7+ Kd6 74. Rf7 Ke6 75. Rf4 Rf5 76. Ra4 Kf6 77. g4 Rc5 78. Kg3 Kg5
1/2-1/2

[Event "Rusia tch 2011 femenino"]
[Site "Olginka RUS"]
[Date "2011.04.22"]
[Round "6.32"]
[White "Atalik, Ekaterina"]
[Black "Romanko, Marina"]
[Result "1/2-1/2"]
[WhiteElo "2444"]
[BlackElo "2402"]
[PlyCount "40"]
[EventDate "2011.04.12"]
[EventType "team"]
[EventRounds "11"]
[EventCountry "RUS"]
[Source "lmi"]
[SourceDate "2011.04.16"]
[WhiteTeamCountry "RUS"]
[BlackTeamCountry "RUS"]

1. d4 d5 2. c4 c6 3. Nf3 Nf6 4. Nc3 e6 5. Bg5 Nbd7 6. e3 Qa5 7. cxd5 Nxd5 8.
Qd2 Bb4 9. Rc1 h6 10. Bh4 c5 11. Bc4 cxd4 12. Qxd4 O-O 13. Bxd5 exd5 14. a3
Bxc3+ 15. Qxc3 Qa6 16. Qd2 Nb6 17. Qe2 Qa5+ 18. Qd2 Qa6 19. Qe2 Qa5+ 20. Qd2
Qa6 1/2-1/2

[Event "Rusia tch 2011 femenino"]
[Site "Olginka RUS"]
[Date "2011.04.22"]
[Round "6.33"]
[White "Girya, Olga"]
[Black "Bodnaruk, Anastasia"]
[Result "0-1"]
[WhiteElo "2425"]
[BlackElo "2423"]
[PlyCount "92"]
[EventDate "2011.04.12"]
[EventType "team"]
[EventRounds "11"]
[EventCountry "RUS"]
[Source "lmi"]
[SourceDate "2011.04.16"]
[WhiteTeamCountry "RUS"]
[BlackTeamCountry "RUS"]

1. d4 Nf6 2. Nf3 g6 3. Bg5 Bg7 4. Nbd2 d5 5. e3 O-O 6. Be2 Nbd7 7. O-O Re8 8.
Bh4 e5 9. c4 e4 10. Ne1 Nb6 11. c5 Nbd7 12. b4 Nf8 13. b5 h6 14. Nc2 Bf5 15.
Nb4 g5 16. Bg3 h5 17. Be5 g4 18. a4 Ng6 19. a5 Nxe5 20. dxe5 Nd7 21. c6 bxc6
22. Nxc6 Qg5 23. Qb3 Be6 24. Nd4 Bxe5 25. Rfd1 Bd6 26. Nf1 Ne5 27. b6 axb6 28.
axb6 Rxa1 29. Rxa1 cxb6 30. Qxb6 Nf3+ 31. Kh1 Nxd4 32. Qxd4 Be5 33. Qa4 Rb8 34.
Rd1 h4 35. Bb5 g3 36. fxg3 hxg3 37. Bd7 gxh2 38. Bxe6 fxe6 39. Qd7 Qf6 40. Nd2
Rf8 41. Qb5 Qf2 42. Qa6 Rf6 43. Qb6 Rg6 44. g4 Kh7 45. Rf1 Rxg4 46. Qb7+ Kh6
0-1

[Event "Rusia tch 2011 femenino"]
[Site "Olginka RUS"]
[Date "2011.04.22"]
[Round "6.34"]
[White "Kovanova, Baira"]
[Black "Kashlinskaya, Alina"]
[Result "0-1"]
[WhiteElo "2376"]
[BlackElo "2320"]
[PlyCount "104"]
[EventDate "2011.04.12"]
[EventType "team"]
[EventRounds "11"]
[EventCountry "RUS"]
[Source "lmi"]
[SourceDate "2011.04.16"]
[WhiteTeamCountry "RUS"]
[BlackTeamCountry "RUS"]

1. e4 e5 2. Nf3 Nc6 3. Bb5 a6 4. Ba4 Nf6 5. d3 d6 6. c3 g6 7. O-O Bg7 8. Re1
O-O 9. Bg5 h6 10. Bh4 b5 11. Bc2 Bb7 12. Nbd2 Nb8 13. d4 Nbd7 14. Nf1 Re8 15.
d5 Nb6 16. a4 c6 17. a5 Nc4 18. b3 Nxa5 19. Qd2 cxd5 20. exd5 e4 21. Nd4 Qb6
22. Bxf6 Bxf6 23. Qxh6 Bxd5 24. Ne3 Bb7 25. Ng4 Bg7 26. Qg5 Qc5 27. Nf6+ Bxf6
28. Qxf6 Qxc3 29. Rad1 Qc5 30. Re3 Qe5 31. Qh4 Kg7 32. f4 Qf6 33. Qe1 Nc6 34.
Ne2 Rac8 35. Rxe4 d5 36. Rxe8 Rxe8 37. Qf2 Qe6 38. Ng3 d4 39. Ne4 f5 40. Nc5
Qe7 41. Nxb7 Qxb7 42. g4 fxg4 43. f5 Qe7 44. fxg6 Rf8 45. Qg2 Ne5 46. Be4 Rf4
47. Kh1 Qf6 48. Rc1 Nd7 49. Qc2 Rf2 50. Qd3 Qf4 51. Qxd4+ Nf6 52. Qa7+ Kh6 0-1

[Event "Rusia tch 2011 femenino"]
[Site "Olginka RUS"]
[Date "2011.04.22"]
[Round "6.41"]
[White "Iljushina, Olga"]
[Black "Zhukova, Natalia"]
[Result "0-1"]
[WhiteElo "2352"]
[BlackElo "2443"]
[PlyCount "70"]
[EventDate "2011.04.12"]
[EventType "team"]
[EventRounds "11"]
[EventCountry "RUS"]
[Source "lmi"]
[SourceDate "2011.04.16"]
[WhiteTeamCountry "RUS"]
[BlackTeamCountry "RUS"]

1. d4 Nf6 2. c4 e6 3. Nf3 d5 4. Nc3 Bb4 5. cxd5 exd5 6. Bg5 h6 7. Bxf6 Qxf6 8.
e3 O-O 9. Rc1 c6 10. Bd3 Bd6 11. h3 Re8 12. Qb3 Na6 13. a3 Nc7 14. Be2 Ne6 15.
g4 Nf8 16. Kd2 b5 17. Na2 Bd7 18. Nb4 Bxb4+ 19. Qxb4 Ng6 20. Rhg1 a5 21. Qb3
Re7 22. Qc2 Rae8 23. Rg3 Qd6 24. Qc5 Qb8 25. Rcg1 Nf4 26. Bf1 Ne6 27. Qc2 b4
28. g5 h5 29. g6 f6 30. Nh4 Nxd4 31. Qd1 bxa3 32. exd4 Qxb2+ 33. Kd3 Bc8 34.
Qc2 Ba6+ 35. Kd2 Re2+ 0-1

[Event "Rusia tch 2011 femenino"]
[Site "Olginka RUS"]
[Date "2011.04.22"]
[Round "6.42"]
[White "Munguntuul, Batkhuyag"]
[Black "Nebolsina, Vera"]
[Result "1-0"]
[WhiteElo "2434"]
[BlackElo "2305"]
[PlyCount "105"]
[EventDate "2011.04.12"]
[EventType "team"]
[EventRounds "11"]
[EventCountry "RUS"]
[Source "lmi"]
[SourceDate "2011.04.16"]
[WhiteTeamCountry "RUS"]
[BlackTeamCountry "RUS"]

1. e4 e5 2. Nf3 Nc6 3. Bb5 a6 4. Ba4 d6 5. O-O Bd7 6. c3 g6 7. d4 Bg7 8. d5
Nce7 9. c4 h6 10. Nc3 f5 11. Nh4 Nf6 12. f4 exf4 13. Rxf4 O-O 14. Rf1 fxe4 15.
g3 Bh3 16. Ng2 Nf5 17. Re1 Bg4 18. Qd2 Nh5 19. Nxe4 Bd4+ 20. Ne3 Bf3 21. Nf2 c5
22. dxc6 Qb6 23. c5 Qxc5 24. b4 Qc3 25. Bb3+ Kh8 26. Nxf5 Qxd2 27. Bxd2 Rxf5
28. Rac1 Bxc6 29. Bc3 Bxc3 30. Rxc3 Raf8 31. Ng4 Kh7 32. Bc4 d5 33. Bd3 Rg5 34.
Re7+ Kh8 35. Ne5 d4 36. Ra3 Be8 37. b5 Nf4 38. Bf1 d3 39. Nf3 Nd5 40. Rxe8 Rxe8
41. Nxg5 hxg5 42. Rxd3 Nb4 43. Rd2 axb5 44. Bxb5 Ra8 45. a4 Rc8 46. Rd7 Rc2 47.
Rxb7 Nd5 48. a5 Ne3 49. Re7 Nf5 50. Re8+ Kg7 51. a6 Ra2 52. Re4 Ra5 53. Ra4 1-0

[Event "Rusia tch 2011 femenino"]
[Site "Olginka RUS"]
[Date "2011.04.23"]
[Round "7.11"]
[White "Zhukova, Natalia"]
[Black "Galliamova, Alisa"]
[Result "0-1"]
[WhiteElo "2443"]
[BlackElo "2497"]
[PlyCount "126"]
[EventDate "2011.04.12"]
[EventType "team"]
[EventRounds "11"]
[EventCountry "RUS"]
[Source "lmi"]
[SourceDate "2011.04.16"]
[WhiteTeamCountry "RUS"]
[BlackTeamCountry "RUS"]

1. d4 d5 2. c4 c6 3. Nc3 Nf6 4. Nf3 e6 5. Qd3 b6 6. e4 Ba6 7. Qc2 dxc4 8. Be2
Be7 9. O-O O-O 10. Rd1 b5 11. Bg5 Nbd7 12. d5 cxd5 13. exd5 Nxd5 14. Nxd5 Bxg5
15. Nb4 Bb7 16. Rxd7 Qxd7 17. Nxg5 f5 18. Qc3 e5 19. a4 a6 20. Nf3 Bxf3 21.
Bxf3 e4 22. Rd1 Qe6 23. Be2 Rad8 24. Rd4 Rxd4 25. Qxd4 Qf6 26. Qd5+ Kh8 27.
axb5 Qxb2 28. Qxc4 a5 29. Nc2 h6 30. g3 Rd8 31. Bh5 Qc1+ 32. Kg2 Qg5 33. Qf7 f4
34. h4 f3+ 35. Kh3 Qxb5 36. Ne3 Qd7+ 37. Qxd7 Rxd7 38. Bg6 Rd4 39. Kg4 a4 40.
Nc2 Rc4 41. Na3 Rc3 42. Nb1 e3 43. Kxf3 exf2+ 44. Kxf2 Rb3 45. Nd2 Rb2 46. Ke3
a3 47. Bf7 a2 48. Bxa2 Rxa2 49. Nf3 Kg8 50. Kf4 Ra4+ 51. Kf5 Ra3 52. Kf4 Kf7
53. h5 Ke6 54. g4 Ra4+ 55. Kg3 Rb4 56. Nh4 Ke5 57. Nf5 Rb7 58. Kh4 Kf4 59. Nd4
Rb4 60. Ne2+ Kf3 61. Ng1+ Kg2 62. Ne2 Rb1 63. Ng3 Ra1 0-1

[Event "Rusia tch 2011 femenino"]
[Site "Olginka RUS"]
[Date "2011.04.23"]
[Round "7.13"]
[White "Zaiatz, Elena"]
[Black "Gaponenko, Inna"]
[Result "1/2-1/2"]
[WhiteElo "2426"]
[BlackElo "2435"]
[PlyCount "59"]
[EventDate "2011.04.12"]
[EventType "team"]
[EventRounds "11"]
[EventCountry "RUS"]
[Source "lmi"]
[SourceDate "2011.04.16"]
[WhiteTeamCountry "RUS"]
[BlackTeamCountry "RUS"]

1. d4 Nf6 2. c4 e6 3. Nc3 Bb4 4. e3 O-O 5. Bd3 c5 6. Nf3 d5 7. O-O Nc6 8. a3
Ba5 9. cxd5 exd5 10. dxc5 Bxc3 11. bxc3 Bg4 12. c4 Ne5 13. Bb2 Nxf3+ 14. gxf3
Bh3 15. cxd5 Qxd5 16. Bxf6 gxf6 17. Kh1 Kh8 18. Rg1 Rad8 19. Be2 Rg8 20. Qa4
Qe5 21. Rae1 Rxg1+ 22. Rxg1 Rg8 23. Rg3 Qc3 24. Qd1 Be6 25. Qd4 Qe1+ 26. Kg2
Rxg3+ 27. hxg3 Qxe2 28. Qxf6+ Kg8 29. Qd8+ Kg7 30. Qg5+ 1/2-1/2

[Event "Rusia tch 2011 femenino"]
[Site "Olginka RUS"]
[Date "2011.04.23"]
[Round "7.21"]
[White "Socko, Monika"]
[Black "Iljushina, Olga"]
[Result "1-0"]
[WhiteElo "2495"]
[BlackElo "2352"]
[PlyCount "47"]
[EventDate "2011.04.12"]
[EventType "team"]
[EventRounds "11"]
[EventCountry "RUS"]
[Source "lmi"]
[SourceDate "2011.04.16"]
[WhiteTeamCountry "RUS"]
[BlackTeamCountry "RUS"]

1. e4 c5 2. Nf3 Nc6 3. d4 cxd4 4. Nxd4 Nf6 5. Nc3 d6 6. Bg5 Bd7 7. Be2 Qa5 8.
Bxf6 gxf6 9. Nxc6 bxc6 10. Bg4 Bxg4 11. Qxg4 h5 12. Qf3 Bh6 13. O-O Qe5 14.
Rad1 Rg8 15. Ne2 Rg4 16. h3 Rxe4 17. Ng3 Rc4 18. Rfe1 Qc5 19. Nf5 Rxc2 20. Nxh6
O-O-O 21. Rxe7 Rxb2 22. Nxf7 d5 23. Qf5+ Kb8 24. Nxd8 1-0

[Event "Rusia tch 2011 femenino"]
[Site "Olginka RUS"]
[Date "2011.04.23"]
[Round "7.22"]
[White "Nebolsina, Vera"]
[Black "Atalik, Ekaterina"]
[Result "0-1"]
[WhiteElo "2305"]
[BlackElo "2444"]
[PlyCount "54"]
[EventDate "2011.04.12"]
[EventType "team"]
[EventRounds "11"]
[EventCountry "RUS"]
[Source "lmi"]
[SourceDate "2011.04.16"]
[WhiteTeamCountry "RUS"]
[BlackTeamCountry "RUS"]

1. d4 Nf6 2. c4 g6 3. Nf3 Bg7 4. Nc3 d5 5. Bf4 O-O 6. e3 c5 7. dxc5 Ne4 8. Be2
Nxc3 9. bxc3 Bxc3+ 10. Nd2 Bxa1 11. Qxa1 Re8 12. cxd5 Qxd5 13. Bh6 e5 14. Bf3
Qxc5 15. O-O Qe7 16. Ne4 f6 17. g4 Nd7 18. Bg2 Nc5 19. Nc3 Bxg4 20. Nd5 Qf7 21.
f4 Rad8 22. fxe5 Rxd5 23. Bxd5 Qxd5 24. exf6 Kf7 25. Qc3 Bh3 26. e4 Qh5 27. Qg3
Rxe4 0-1

[Event "Rusia tch 2011 femenino"]
[Site "Olginka RUS"]
[Date "2011.04.23"]
[Round "7.23"]
[White "Bodnaruk, Anastasia"]
[Black "Kabanova, Ekaterina"]
[Result "1-0"]
[WhiteElo "2423"]
[BlackElo "2190"]
[PlyCount "67"]
[EventDate "2011.04.12"]
[EventType "team"]
[EventRounds "11"]
[EventCountry "RUS"]
[Source "lmi"]
[SourceDate "2011.04.16"]
[WhiteTeamCountry "RUS"]
[BlackTeamCountry "RUS"]

1. e4 c6 2. c4 d5 3. cxd5 cxd5 4. exd5 Nf6 5. Qa4+ Nbd7 6. Nc3 g6 7. d4 Bg7 8.
Nge2 O-O 9. Nf4 Nb6 10. Qb3 Bf5 11. Be2 Rc8 12. O-O h6 13. a4 a5 14. Bd2 g5 15.
Nh5 Nxh5 16. Bxh5 Bxd4 17. Be3 Rc4 18. Rad1 Rb4 19. Qa2 Be5 20. g3 Bc2 21. Rd2
Bb3 22. Qb1 Nc4 23. Re2 Nxe3 24. fxe3 Bxd5 25. Qf5 Qd6 26. Rd2 Be6 27. Bxf7+
Rxf7 28. Qg6+ Rg7 29. Qe8+ Kh7 30. Rxd6 Bxd6 31. Nd1 Bh3 32. Rf8 Rg6 33. Rh8+
Kg7 34. Qf8# 1-0

[Event "Rusia tch 2011 femenino"]
[Site "Olginka RUS"]
[Date "2011.04.23"]
[Round "7.24"]
[White "Yakupova, Aysyla"]
[Black "Kovanova, Baira"]
[Result "0-1"]
[WhiteElo "2115"]
[BlackElo "2376"]
[PlyCount "70"]
[EventDate "2011.04.12"]
[EventType "team"]
[EventRounds "11"]
[EventCountry "RUS"]
[Source "lmi"]
[SourceDate "2011.04.16"]
[WhiteTeamCountry "RUS"]
[BlackTeamCountry "RUS"]

1. e4 e5 2. Nf3 Nc6 3. d4 exd4 4. Nxd4 Nf6 5. Nc3 Bb4 6. Nxc6 bxc6 7. Bd3 O-O
8. O-O d5 9. exd5 cxd5 10. Bg5 c6 11. Qf3 Be7 12. Rae1 h6 13. Bh4 Rb8 14. Nd1
Rb4 15. Bg3 Bg4 16. Qe3 Rb7 17. b3 Bb4 18. f3 Bxe1 19. Qxe1 Be6 20. Ne3 Re8 21.
Qd2 c5 22. Nf5 c4 23. Nxh6+ gxh6 24. Qxh6 cxd3 25. Bh4 Qb6+ 26. Bf2 d4 27. Qg5+
Kf8 28. Qxf6 Qc5 29. Bxd4 Qf5 30. Qg7+ Ke7 31. cxd3 Rc7 32. Bb2 Kd7 33. h4 Kc8
34. Rf2 Qg6 35. Qe5 Bd7 0-1

[Event "Rusia tch 2011 femenino"]
[Site "Olginka RUS"]
[Date "2011.04.23"]
[Round "7.33"]
[White "Pogonina, Natalija"]
[Black "Romanko, Marina"]
[Result "1-0"]
[WhiteElo "2446"]
[BlackElo "2402"]
[PlyCount "157"]
[EventDate "2011.04.12"]
[EventType "team"]
[EventRounds "11"]
[EventCountry "RUS"]
[Source "lmi"]
[SourceDate "2011.04.16"]
[WhiteTeamCountry "RUS"]
[BlackTeamCountry "RUS"]

1. e4 c5 2. Nf3 d6 3. d4 cxd4 4. Nxd4 Nf6 5. Nc3 a6 6. Be2 e5 7. Nb3 Be7 8. O-O
O-O 9. Qd3 a5 10. Be3 Bd7 11. Nd2 a4 12. a3 Ra6 13. Rfd1 Kh8 14. Nf1 Ng4 15.
Qd2 Ra8 16. Bb5 f5 17. exf5 Rxf5 18. Bxd7 Nxd7 19. Ne4 Ra6 20. Qe2 Nxe3 21.
Nxe3 Rf8 22. Rd2 Nf6 23. Nc5 Rc6 24. Ne6 Qb6 25. Nxf8 Qxb2 26. Rdd1 Bxf8 27.
Rab1 Qxa3 28. Rxb7 Rc8 29. Qa6 Re8 30. Qc6 Rd8 31. c4 h6 32. Ra7 Qb2 33. Rxa4
Rb8 34. Ra8 Kh7 35. Rxb8 Qxb8 36. h3 Kg6 37. Ra1 Be7 38. Ra8 Qb1+ 39. Kh2 Qe4
40. Qc8 Qf4+ 41. Kg1 Ne4 42. Qg4+ Bg5 43. Qxf4 exf4 44. Nd5 Kf5 45. Ra5 Nc5 46.
Ra7 Bf6 47. Kf1 Be5 48. Ke2 Ke4 49. Re7 Nb3 50. Nb6 Nd4+ 51. Kf1 Nc6 52. Rc7
Na5 53. Nd7 Bd4 54. Nf8 Kd3 55. Ne6 Be5 56. Nxg7 Nxc4 57. Nf5 Nd2+ 58. Ke1 f3
59. gxf3 Nxf3+ 60. Kf1 d5 61. Rd7 Ke4 62. Nxh6 d4 63. Ng4 Bf4 64. Nf6+ Kf5 65.
Nd5 Ke6 66. Rd8 Bd6 67. Nb6 Bc7 68. Rc8 Bf4 69. Ke2 Ng1+ 70. Kd3 Nxh3 71. Ke4
Bd6 72. Nc4 Nxf2+ 73. Kxd4 Be7 74. Rc6+ Kf7 75. Ne5+ Kg7 76. Rg6+ Kf8 77. Rg2
Nh3 78. Rg3 Nf4 79. Ke4 1-0

[Event "Rusia tch 2011 femenino"]
[Site "Olginka RUS"]
[Date "2011.04.23"]
[Round "7.34"]
[White "Kashlinskaya, Alina"]
[Black "Savina, Anastasia"]
[Result "1-0"]
[WhiteElo "2320"]
[BlackElo "2383"]
[PlyCount "93"]
[EventDate "2011.04.12"]
[EventType "team"]
[EventRounds "11"]
[EventCountry "RUS"]
[Source "lmi"]
[SourceDate "2011.04.16"]
[WhiteTeamCountry "RUS"]
[BlackTeamCountry "RUS"]

1. d4 Nf6 2. Nf3 g6 3. g3 Bg7 4. c4 O-O 5. Bg2 d6 6. Nc3 Nc6 7. O-O a6 8. h3
Bd7 9. Be3 Rb8 10. Rc1 b5 11. b3 bxc4 12. bxc4 Na5 13. Nd2 Ne8 14. Qc2 Nc6 15.
Nb3 e5 16. dxe5 Nxe5 17. c5 Bf5 18. Qd1 Nc4 19. Bd4 Nb2 20. Qd2 dxc5 21. Bxc5
Qxd2 22. Nxd2 Bxc3 23. Rxc3 Na4 24. Rb3 Nd6 25. Ba7 Rxb3 26. axb3 Nc3 27. e3
Rd8 28. Bc5 Bc2 29. b4 Ndb5 30. Nf3 Ne4 31. Bd4 Bd3 32. Rc1 Rb8 33. Ne5 Nxd4
34. exd4 Rxb4 35. Nxd3 Rxd4 36. Nc5 Nxc5 37. Rxc5 Rd1+ 38. Bf1 Rd7 39. Bxa6 Kf8
40. Kg2 Re7 41. f4 h5 42. Kf3 Kg7 43. Bb5 Kf6 44. Rc3 g5 45. Re3 Rxe3+ 46. Kxe3
h4 47. g4 1-0

[Event "Rusia tch 2011 femenino"]
[Site "Olginka RUS"]
[Date "2011.04.23"]
[Round "7.42"]
[White "Kharashuta, Ekaterina"]
[Black "Ivkina, Olga"]
[Result "1/2-1/2"]
[WhiteElo "2270"]
[BlackElo "2289"]
[PlyCount "118"]
[EventDate "2011.04.12"]
[EventType "team"]
[EventRounds "11"]
[EventCountry "RUS"]
[Source "lmi"]
[SourceDate "2011.04.16"]
[WhiteTeamCountry "RUS"]
[BlackTeamCountry "RUS"]

1. Nf3 Nf6 2. g3 g6 3. Bg2 Bg7 4. O-O O-O 5. d4 d6 6. c4 Nc6 7. Nc3 a6 8. Qd3
Bf5 9. e4 Bg4 10. d5 Bxf3 11. Qxf3 Nd4 12. Qd1 Nd7 13. Be3 c5 14. dxc6 Nxc6 15.
Rc1 Rc8 16. b3 Qa5 17. Qd2 Rfe8 18. f4 Nc5 19. Rfd1 Ne6 20. Ne2 Qxd2 21. Rxd2
a5 22. Bh3 Ra8 23. Bxe6 fxe6 24. Nc3 e5 25. Nb5 Rec8 26. Rf1 exf4 27. gxf4 a4
28. Rg2 Kh8 29. f5 gxf5 30. exf5 Bf6 31. Bg5 Bxg5 32. Rxg5 axb3 33. axb3 Rg8
34. Rxg8+ Rxg8+ 35. Kf2 Ne5 36. h3 Rf8 37. Ke3 Kg7 38. Ke4 Kf6 39. Nc3 Rg8 40.
Kd5 Rg2 41. Ne4+ Kg7 42. f6+ exf6 43. Rxf6 Nf7 44. Ke6 Ng5+ 45. Nxg5 Re2+ 46.
Kxd6 Kxf6 47. Nxh7+ Kg7 48. Ng5 Kf6 49. Nf3 Re3 50. Nd4 Rd3 51. Kd5 Rxh3 52. c5
Rh5+ 53. Kd6 Rh4 54. Nc2 Kf5 55. Kc7 Rh7+ 56. Kb6 Ke4 57. b4 Kd3 58. Na3 Kc3
59. b5 Kb3 1/2-1/2

[Event "Rusia tch 2011 femenino"]
[Site "Olginka RUS"]
[Date "2011.04.23"]
[Round "7.43"]
[White "Bronnikova, Elizaveta"]
[Black "Novikova, Anna"]
[Result "0-1"]
[WhiteElo "2251"]
[BlackElo "2240"]
[PlyCount "84"]
[EventDate "2011.04.12"]
[EventType "team"]
[EventRounds "11"]
[EventCountry "RUS"]
[Source "lmi"]
[SourceDate "2011.04.16"]
[WhiteTeamCountry "RUS"]
[BlackTeamCountry "RUS"]

1. e4 e6 2. d4 d5 3. Nd2 c5 4. exd5 Qxd5 5. Ngf3 cxd4 6. Bc4 Qd6 7. O-O Nf6 8.
Nb3 Nc6 9. Nbxd4 Nxd4 10. Nxd4 a6 11. c3 Qc7 12. Qe2 Bd6 13. h3 O-O 14. Bg5 Ne4
15. Qxe4 Qxc4 16. f4 Rb8 17. Bh4 b5 18. Qe2 Qc7 19. Qd2 b4 20. f5 bxc3 21. bxc3
exf5 22. Nxf5 Bc5+ 23. Kh1 Rb6 24. Rae1 Bb7 25. Bg3 Qc8 26. Kh2 Re6 27. Nd4 Rg6
28. Re2 h6 29. Ree1 Rd8 30. Qf4 Bd5 31. Qd2 Bd6 32. Re3 Rxg3 33. Rxg3 Qb8 34.
Qf2 Bxg3+ 35. Qxg3 Qxg3+ 36. Kxg3 Bxa2 37. Ra1 Bc4 38. Ra4 Rc8 39. Nf5 Rc5 40.
Kf4 Bb5 41. Ra3 g5+ 42. Kg4 Be2+ 0-1